[Event "Eu Team Ch"]
[Site "Batumi GEO"]
[Date "1999.12.05"]
[Round "6"]
[White "Mohr,G"]
[Black "Bistric,F"]
[Result "0-1"]
[WhiteElo "2483"]
[BlackElo "2466"]

1.e4 c5 2.Nc3 Nc6 3.Nf3 e6 4.d4 cxd4 5.Nxd4 Qc7 6.Be3 a6 7.Bd3 b5 8.Nxc6 Qxc6
9.e5 f5 10.exf6 Nxf6 11.f3 Qc7 12.Qd2 Bb7 13.O-O-O Bb4 14.Kb1 O-O 15.a3 Ba5
16.Qe1 b4 17.axb4 Bxb4 18.Bd4 Rab8 19.Qe3 Bxc3 20.Bb6 Qc6 21.Ba7 Ba8 22.Bxb8 Rxb8
23.b3 Qc7  0-1

[Event "Eu Team Ch"]
[Site "Batumi GEO"]
[Date "1999.12.06"]
[Round "7"]
[White "Nedev,T"]
[Black "Comas Fabrego,L"]
[Result "1-0"]
[WhiteElo "2460"]
[BlackElo "2510"]

1.e4 c5 2.Nf3 e6 3.d4 cxd4 4.Nxd4 Nc6 5.Nc3 Qc7 6.Be3 a6 7.Bd3 Nf6 8.O-O Ne5
9.h3 Bc5 10.Kh1 d6 11.f4 Ng6 12.Qe1 O-O 13.f5 Ne5 14.Qh4 b5 15.Rf3 Nxf3 16.gxf3 Ne8
17.Rg1 g6 18.Rg4 b4 19.Nce2 e5 20.Qh6 d5 21.Rh4 f6 22.Ne6 Bxe6 23.Bxc5 Rf7
24.fxe6 Rg7 25.Bxb4  1-0

[Event "Eu Team Ch"]
[Site "Batumi GEO"]
[Date "1999.12.07"]
[Round "9"]
[White "Nisipeanu,LD"]
[Black "Lautier,J"]
[Result "1-0"]
[WhiteElo "2584"]
[BlackElo "2638"]

1.e4 c5 2.Nf3 e6 3.Nc3 Nc6 4.d4 cxd4 5.Nxd4 Qc7 6.Be2 a6 7.O-O Nf6 8.Kh1 Nxd4
9.Qxd4 Bc5 10.Qd3 b5 11.f4 Bb7 12.Bf3 h5 13.e5 Ng4 14.Bxb7 Qxb7 15.Ne4 Be7
16.b3 Nh6 17.Be3 Rc8 18.c4 h4 19.h3 Nf5 20.Bf2 bxc4 21.bxc4 O-O 22.Rab1 Qc6
23.c5 Ng3+ 24.Bxg3 hxg3 25.Nf6+ Bxf6 26.exf6 g6 27.f5 Qd5 28.Qe3  1-0

[Event "Bundesliga 1999-2000"]
[Site "Castrop Rauxel GER"]
[Date "1999.12.12"]
[Round "6"]
[White "Borriss,M"]
[Black "David,Alb"]
[Result "1-0"]
[WhiteElo "2440"]
[BlackElo "2544"]

1.e4 c5 2.Nf3 e6 3.d4 cxd4 4.Nxd4 Nc6 5.Nc3 Qc7 6.Be2 a6 7.O-O Nf6 8.Be3 Be7
9.f4 d6 10.a4 O-O 11.Qe1 Nxd4 12.Bxd4 e5 13.Be3 exf4 14.Bxf4 Be6 15.Qg3 Ne8
16.Kh1 Bf6 17.Rf3 Rc8 18.Raf1 Qb6 19.b3 Qa5 20.Nd5 Bxd5 21.exd5 Qxd5 22.Bd3 Qh5
23.Bxd6 Bh4 24.Qe5 Qxe5 25.Bxe5 Bf6 26.Bf4 Bb2 27.Be4 b5 28.Bb7 Rxc2 29.Bxa6 bxa4
30.bxa4 Nf6 31.R3f2 Rxf2 32.Rxf2 Re8 33.g3 Be5 34.Bb5 Re6 35.Re2 Bxf4 36.Rxe6 fxe6
37.gxf4 Kf7 38.a5 Nd5 39.a6 Kf6 40.a7 Nc7 41.Kg2 e5 42.Kf3 Ke6 43.Bd3 g6
44.Kg4 exf4 45.Kxf4 Kf6 46.Bc4 Na8 47.Ke4  1-0

[Event "4th Comtois It"]
[Site "Belfort FRA"]
[Date "1999.12.13"]
[Round "1"]
[White "Ye Jiangchuan"]
[Black "Zvjaginsev,V"]
[Result "1-0"]
[WhiteElo "2593"]
[BlackElo "2652"]

1.e4 c5 2.Nf3 e6 3.d4 cxd4 4.Nxd4 Nc6 5.Nc3 d6 6.Be3 Nf6 7.f3 Be7 8.Qd2 O-O
9.O-O-O d5 10.exd5 Nxd5 11.Nxd5 Qxd5 12.c4 Qd6 13.Nxc6 Qxc6 14.Bd3 e5 15.Qc2 Kh8
16.Be4 Qa6 17.Kb1 Be6 18.Bd5 Rac8 19.b3 Bc5 20.Rhe1 f6 21.Qe4 Bxd5 22.Rxd5 Bxe3
23.Rxe3 Rce8 24.Rd7 f5 25.Qxb7 Qg6 26.Re2 e4 27.Qd5 h6 28.Qd6 Rf6 29.Qg3 Qh7
30.fxe4 fxe4 31.Kb2 Qg8 32.Qc3 Qf8 33.c5 Rc6 34.Rd5 Qf1 35.Qe3 Rf6 36.Rc2 Qb5
37.Qd4 e3 38.c6 Qf1 39.Re5 Rc8 40.Qxe3  1-0

[Event "ch-ROM"]
[Site "Lasi ROM"]
[Date "1999.12.15"]
[Round "3"]
[White "Berescu,A"]
[Black "Nanu,C"]
[Result "1-0"]
[WhiteElo "2386"]
[BlackElo "2397"]

1.e4 e6 2.d4 c5 3.Nf3 cxd4 4.Nxd4 Nc6 5.Nc3 d6 6.g3 Nxd4 7.Qxd4 Ne7 8.Bg5 h6
9.Bb5+ Bd7 10.Bxd7+ Qxd7 11.Bxe7 Qxe7 12.O-O-O a6 13.Rhe1 Qc7 14.f4 Qc5 15.Qd3 Be7
16.e5 d5 17.f5 O-O 18.fxe6 fxe6 19.Qg6 Qc8 20.Ne2 Bg5+ 21.Kb1 Qe8 22.Qd3 Qh5
23.Nd4 Qh3 24.Qg6 Rae8 25.Re2 Re7 26.a3 Rf1 27.Rxf1 Qxf1+ 28.Ka2 Qh3 29.c3 b5
30.Kb3 Bc1 31.Nc6 Rf7 32.Nd8 Re7 33.Rf2 h5 34.Nc6  1-0

[Event "ch-RUS KO"]
[Site "Moscow RUS"]
[Date "1999.12.16"]
[Round "1.2"]
[White "Balashov,Y"]
[Black "Cherniaev,A"]
[Result "1/2-1/2"]
[WhiteElo "2534"]
[BlackElo "2432"]

1.e4 c5 2.Nf3 Nc6 3.Nc3 e6 4.d4 cxd4 5.Nxd4 Nf6 6.Ndb5 d6 7.Bf4 e5 8.Bg5 a6
9.Na3 b5 10.Nd5 Be7 11.Bxf6 Bxf6 12.c3 Bg5 13.Nc2 Ne7 14.Ncb4 O-O 15.a4 bxa4
16.Qxa4 Nxd5 17.Nxd5 Bd7 18.Qa5 Qb8 19.Qb6 Be6 20.Qxb8 Rfxb8 21.Nc7 Ra7 22.Nxe6 fxe6
23.b4 Rc7 24.h4 Bf6 25.Rh3 d5 26.Rxa6 d4 27.Kd2 dxc3+ 28.Rxc3 Rd7+  1/2-1/2

[Event "Extraliga CZE"]
[Site "Ostrava CZE"]
[Date "1999.12.18"]
[Round "5"]
[White "Belaska,P"]
[Black "Novak,Pa"]
[Result "1-0"]
[WhiteElo "2289"]
[BlackElo "2274"]

1.e4 c5 2.Nf3 Nc6 3.d4 cxd4 4.Nxd4 e6 5.Nc3 Qc7 6.Be3 a6 7.Be2 Nf6 8.O-O Bb4
9.Na4 Be7 10.c4 d6 11.f3 O-O 12.Rc1 Rd8 13.Nxc6 Qxc6 14.Nb6 Rb8 15.b4 Qe8
16.Qd2 Bd7 17.Qb2 Qf8 18.Rfd1 Be8 19.a3 Nd7 20.Rd3 Nxb6 21.Bxb6 Rdc8 22.Qd2 Rc6
23.Bd4 Rbc8 24.Rdc3 R6c7 25.f4 Bh4 26.Rh3 Qe7 27.Qb2 Bf6 28.Bxf6 Qxf6 29.Qxf6 gxf6
30.Rhc3 Kf8 31.Kf2 Ke7 32.Ke3 Bd7 33.Kd2 Rg8 34.Rg1 a5 35.Rh3 axb4 36.axb4 Rg7
37.g4 Rc8 38.Ra1 Bc6 39.Ke3 Rb8 40.Ra5 Rh8 41.Ra7 Rb8 42.Rh6 Bd7 43.h3 Bc6
44.Bd1 Bd7 45.f5 Bc6 46.Kd4 Bd7 47.Ba4 e5+ 48.Kd3 Bxa4 49.Rxa4 Rd8 50.Ra7 Rd7
51.Ra8 b6 52.Kc3 Rb7 53.Kb3 Rc7 54.Ra6 Rg8 55.Rxh7 Rgc8 56.Rxb6 Rxc4 57.Rb7+ R4c7
58.Rxc7+ Rxc7 59.Rh8 Rc1 60.Ra8 Rh1 61.Ra7+ Ke8 62.b5 Rxh3+ 63.Kc4 Re3 64.Kd5 Rd3+
65.Kc6 Rc3+ 66.Kxd6 Rd3+ 67.Kc6 Rc3+ 68.Kb7 Rc4 69.b6 Kd8 70.Ra1 Rxe4 71.Ka8 Rxg4
72.b7 Rb4 73.b8=Q+ Rxb8+ 74.Kxb8 Kd7 75.Ra6  1-0

[Event "Extraliga CZE"]
[Site "Ostrava CZE"]
[Date "1999.12.18"]
[Round "5"]
[White "Berzinsh,R"]
[Black "Antoniewski,R"]
[Result "1/2-1/2"]
[WhiteElo "2446"]
[BlackElo "2417"]

1.e4 c5 2.Nf3 e6 3.Nc3 Nc6 4.d4 cxd4 5.Nxd4 a6 6.Be3 Qc7 7.Bd3 Nf6 8.O-O h5
9.h3 Bd6 10.Nxc6 dxc6 11.f4 e5 12.f5 Bd7 13.Qf3 O-O-O 14.a3 Rdf8 15.b4 c5
16.Nd5 Nxd5 17.exd5 c4 18.Be4 b6 19.Qf2 Kb7 20.a4 g6 21.a5 b5 22.Bb6 Qb8
23.Bc5 gxf5 24.Bxf5 Bxf5 25.Qxf5 Qc7 26.Bb6 Qe7 27.Qe4 f5 28.Rxf5 Rxf5 29.Qxf5 Bxb4
30.Qg6 Rf8 31.Qc6+ Kb8 32.Rf1 Rf4 33.Be3 Rxf1+ 34.Kxf1 Qd6 35.Qe8+ Kb7 36.Qf7+ Kc8
37.Qe8+ Kb7 38.Qf7+ Kc8 39.Qe8+ Kb7  1/2-1/2

[Event "4th Comtois It"]
[Site "Belfort FRA"]
[Date "1999.12.19"]
[Round "7"]
[White "Fedorov,A"]
[Black "Zvjaginsev,V"]
[Result "1/2-1/2"]
[WhiteElo "2659"]
[BlackElo "2652"]

1.e4 c5 2.Nf3 Nc6 3.Nc3 e6 4.d4 cxd4 5.Nxd4 Qc7 6.g3 a6 7.Bg2 Nf6 8.O-O Bc5
9.Nb3 Ba7 10.a4 h6 11.Qe2 O-O 12.Be3 Bxe3 13.Qxe3 d5 14.Rad1 dxe4 15.Nxe4  1/2-1/2

[Event "ch-COL"]
[Site "Fusagasuga COL"]
[Date "1999.12.19"]
[Round "8"]
[White "Zapata,A"]
[Black "Mosquera,M"]
[Result "1-0"]
[WhiteElo "2454"]
[BlackElo "2315"]

1.e4 c5 2.Nf3 Nc6 3.d4 cxd4 4.Nxd4 e6 5.Nc3 Qc7 6.Be2 a6 7.O-O Nf6 8.Kh1 Nxd4
9.Qxd4 Bc5 10.Qd3 b5 11.f4 Bb7 12.Bf3 O-O 13.e5 Ne8 14.a4 b4 15.Bxb7 Qxb7
16.Ne4 Be7 17.f5 f6 18.fxe6 dxe6 19.exf6 Nxf6 20.Ng5 Qd5 21.Bf4 Qxd3 22.cxd3 Nd5
23.Nxe6 Nxf4 24.Nxf4 Bf6 25.Rab1 Be5 26.Nd5 b3 27.g3 Rfe8 28.Nb6 Rad8 29.Rfe1 Bf6
30.Rxe8+ Rxe8 31.Nc4 Re2 32.Na5 Bxb2 33.Nxb3 Rc2 34.Na5 Kf7 35.Nc4 Rc1+ 36.Rxc1 Bxc1
37.Kg2 Ke6 38.Kf3 Kd5 39.Na5 h5 40.Nb3 Bg5 41.h3 g6 42.Ke2 Be7 43.Ke3 Bd6
44.Kf3 g5 45.g4 h4 46.Ke2 Ke5 47.Nd2 Be7 48.Ke3 Bc5+ 49.Kf3 Be7 50.Nb3 Kd5
51.Ke3 Bb4 52.Na1 Bc5+ 53.Kf3 a5 54.Nc2 Ke5 55.Na1 Kd5 56.Nb3 Bb6 57.Ke2 Ke5
58.Nd2 Kf4 59.Nc4 Bc5 60.Nd2 Bb6 61.Ne4 Ba7 62.Kf1 Bb6 63.Kg2 Bd8 64.Nc5 Be7
65.d4 Ke3 66.Nb7 Kxd4 67.Nxa5 Kd5 68.Nb3 Kc4 69.Na5+ Kd5 70.Kf3 Bd8 71.Nb7 Be7
72.a5 Kc6 73.a6 Kb6 74.Na5 Bc5 75.Nb3 Be7 76.Ke4 Kxa6 77.Nd4 Kb6 78.Ne6 Kc6
79.Kf5 Kd5 80.Nxg5 Kd4 81.Nh7 Ba3 82.g5 Bc1 83.Nf6 Bd2 84.Ng4 Bb4 85.g6 Bf8
86.Nf6 Ke3 87.Kg4 Kd4 88.Nh5 Ke5 89.g7 Bxg7 90.Nxg7 Kf6 91.Nf5 Kg6 92.Nxh4+ Kh6
93.Nf5+ Kg6 94.h4 Kf6 95.h5 Kf7 96.Kg5 Kg8 97.Kg6 Kh8 98.h6 Kg8 99.Nd6  1-0

[Event "5th Gudmundur Arason"]
[Site "Hafnarfjordur ISL"]
[Date "1999.12.19"]
[Round "8"]
[White "Aagaard,J"]
[Black "Edvardsson,K"]
[Result "1-0"]
[WhiteElo "2403"]
[BlackElo "2209"]

1.e4 c5 2.Nf3 e6 3.Nc3 Nc6 4.d4 cxd4 5.Nxd4 Qc7 6.Be2 a6 7.f4 d6 8.Be3 Nf6
9.O-O Be7 10.Kh1 O-O 11.Qe1 Nxd4 12.Bxd4 b5 13.a3 Bb7 14.Qg3 Rac8 15.Rae1 Bc6
16.Bd3 g6 17.f5 e5 18.Be3 a5 19.Bh6 Rfd8 20.fxg6 hxg6 21.Qf3 b4 22.axb4 axb4
23.Nd5 Bxd5 24.exd5 Rf8 25.Bxf8 Rxf8 26.b3 Qc5 27.Bc4 Kg7 28.Ra1 Nh5 29.Qf2 Qxf2
30.Rxf2 Bg5 31.Re2 Nf4 32.Ree1 Nh5 33.Ra6 Rd8 34.g3 Bd2 35.Rea1 Be3 36.Ra8 Rd7
37.Bb5 Rc7 38.Bc6 Bc5 39.Rb8 Kf6 40.Kg2 e4 41.Re8 e3 42.h4 Kg7 43.Re1 f5
44.R8xe3 Bxe3 45.Rxe3 Kf7 46.c3 bxc3 47.Rxc3 Ra7 48.Rc2 Ra3 49.Rb2 Nf6 50.b4 Ng4
51.b5 Ne3+ 52.Kh2 Nc4 53.Rc2 Ne3 54.Rb2 Nc4 55.Re2 Rb3 56.Be8+ Kg7 57.Re6 Rb2+
58.Kg1 Ne5 59.Kf1 Rd2 60.h5 gxh5 61.Rxd6 Nc4 62.Rd7+ Kf8 63.Bxh5 Ne3+ 64.Ke1 Rb2
65.d6 Ng2+ 66.Kf1 Ne3+ 67.Kg1 Rb1+ 68.Kf2 Ng4+ 69.Bxg4 fxg4 70.Rh7 Rxb5 71.d7 Rd5
72.Ke3 Rd1 73.Kf4  1-0

[Event "Young Masters"]
[Site "Groningen NED"]
[Date "1999.12.21"]
[Round "3"]
[White "Werle,J"]
[Black "Horvath,Ad"]
[Result "0-1"]
[WhiteElo "2216"]
[BlackElo "2412"]

1.e4 c5 2.Nf3 e6 3.d4 cxd4 4.Nxd4 Nc6 5.Nc3 Qc7 6.f4 a6 7.Nxc6 Qxc6 8.Be2 b5
9.Bf3 Bb7 10.Be3 Rc8 11.Qd4 Qc7 12.O-O Ne7 13.Rad1 Nc6 14.Qd2 Na5 15.b3 d5
16.exd5 Qxc3 17.Qxc3 Rxc3 18.Bb6 Bc5+ 19.Bxc5 Rxc5 20.b4 Rxc2 21.bxa5 Rxa2
22.dxe6 Bxf3 23.Rxf3 fxe6 24.Rc3 Kf7 25.Rc7+ Kf6 26.Rdd7 Kf5 27.g3 b4 28.Rc5+ Kf6
29.Rcc7 Rg8 30.g4 b3 31.h4 b2  0-1

[Event "Young Masters"]
[Site "Groningen NED"]
[Date "1999.12.22"]
[Round "4"]
[White "Friedman,A"]
[Black "Atalik,S"]
[Result "0-1"]
[WhiteElo "2332"]
[BlackElo "2598"]

1.Nf3 e6 2.e4 c5 3.d4 cxd4 4.Nxd4 Nc6 5.Nc3 d6 6.Be2 Nf6 7.O-O Be7 8.Be3 Bd7
9.f4 Nxd4 10.Bxd4 Bc6 11.Bf3 O-O 12.Qe1 Nd7 13.Rd1 Qc7 14.Kh1 e5 15.Be3 exf4
16.Bxf4 Ne5 17.Bxe5 dxe5 18.Nd5 Bxd5 19.Rxd5 Qxc2 20.Rxe5 Rae8 21.Qf2 Qc7
22.Rd5 b6 23.Qd2 Qc4 24.Ra1 Bf6 25.a4 a5 26.Qc1 Qb4 27.Rb5 Qd4 28.Rd5 Qb4
29.Rb5 Qd6 30.Qd1 Qb8 31.Qg1 Re6 32.Rd1 Be5 33.h3 g6 34.b4 axb4 35.Rxb4 Qa7
36.Rd5 Qc7 37.Rdb5 Bd6 38.Rb1 Bc5 39.Qc1 Ra8 40.Ra1 Qg3 41.Rxc5 bxc5 42.Qxc5 Re5
43.Qc6 Rea5 44.Be2 Qe5 45.Ra2 Rb8 46.Qc2 Rc5 47.Qd1 Rbc8 48.Ra1 Qf4  0-1

[Event "Young Masters"]
[Site "Groningen NED"]
[Date "1999.12.22"]
[Round "4"]
[White "Volokitin,A"]
[Black "Mastrovasilis,D"]
[Result "1/2-1/2"]
[WhiteElo "2307"]
[BlackElo "2384"]

1.e4 c5 2.Nf3 e6 3.d4 cxd4 4.Nxd4 Nc6 5.Nc3 Qc7 6.Be2 a6 7.O-O Nf6 8.Kh1 Nxd4
9.Qxd4 Bc5 10.Qd3 b5 11.f4 h5 12.e5 Ng4 13.Qh3 Nh6 14.Qxh5 Bb7 15.Bf3 O-O-O
16.Bxb7+ Qxb7 17.Qf3 Nf5 18.h3 d5 19.Ne2 Kb8  1/2-1/2

[Event "Young Masters"]
[Site "Groningen NED"]
[Date "1999.12.24"]
[Round "6"]
[White "Bokros,A"]
[Black "Mastrovasilis,D"]
[Result "1-0"]
[WhiteElo "2405"]
[BlackElo "2384"]

1.e4 c5 2.Nf3 e6 3.d4 cxd4 4.Nxd4 Nc6 5.Nc3 a6 6.Be2 Qc7 7.O-O Nf6 8.Kh1 Nxd4
9.Qxd4 Bc5 10.Qd3 b5 11.Bg5 Be7 12.f4 b4 13.Na4 Bb7 14.e5 Nd5 15.Bxe7 Kxe7
16.c4 bxc3 17.Nxc3 f5 18.exf6+ gxf6 19.Nxd5+ Bxd5 20.Bf3 Bxf3 21.Rxf3 Qd6
22.Qe2 Rab8 23.f5 e5 24.Rg3 Rhg8 25.Rd1 Qc6 26.Rc3 Qb7 27.Rcd3 Rbd8 28.Rd5 Rg5
29.h4 Rg7 30.Qd2 Qc6 31.Rd6 Qb7 32.Kh2 Rg4 33.g3 Rb4 34.b3 Rd4 35.Rxd4 exd4
36.Re1+ Kf7 37.Qh6  1-0

[Event "III Open"]
[Site "Cali COL"]
[Date "1999.12.26"]
[Round "1"]
[White "Morales,Jo"]
[Black "Barrios,F"]
[Result "1-0"]
[WhiteElo "2374"]
[BlackElo "2225"]

1.e4 c5 2.Nf3 e6 3.Nc3 Nc6 4.d4 cxd4 5.Nxd4 Qc7 6.g3 a6 7.Bg2 Nf6 8.Nb3 b5
9.O-O Bb7 10.f4 d6 11.a3 Be7 12.Be3 O-O 13.g4 Rfe8 14.g5 Nd7 15.Rf3 Rab8
16.Rh3 b4 17.Qh5 Nf8 18.Nd1 Bc8 19.Nf2 bxa3 20.bxa3 g6 21.Qf3 Nd7 22.Ng4 Bf8
23.e5 Bb7 24.exd6 Bxd6 25.Nh6+ Kf8 26.Qf2 Nd8 27.Bxb7 Rxb7 28.Ng4 Kg8 29.Bd4 h5
30.Nh6+ Kf8 31.Rf1 Bxf4 32.Rc3 Qb8 33.Rc8 Qxc8 34.Qxf4 e5 35.Qxf7+  1-0

[Event "III Open"]
[Site "Cali COL"]
[Date "1999.12.27"]
[Round "3"]
[White "Rios,Al"]
[Black "Diaz Cordoba,F"]
[Result "1/2-1/2"]
[WhiteElo "2316"]
[BlackElo "2225"]

1.e4 c5 2.Nf3 e6 3.d4 cxd4 4.Nxd4 Nc6 5.Nc3 Qc7 6.Be3 a6 7.Bd3 Nf6 8.O-O Ne5
9.Be2 Bb4 10.f4 Nc4 11.Bxc4 Qxc4 12.Qd3 Qxd3 13.cxd3 d5 14.e5 Ng4 15.Bd2 Bc5
16.Ne2 h5 17.h3 Nh6 18.Rac1 Bb6 19.Bb4 Bd7 20.Bc5 Bxc5 21.Rxc5 Ke7 22.Rc7 Rab8
23.Rfc1 Rhc8 24.Rxc8 Rxc8 25.Rxc8 Bxc8 26.Kf2 Bd7 27.Ke3 b6 28.b3 g6 29.a4 a5
30.Kf3 Bc8 31.g4 hxg4+ 32.hxg4 Ba6 33.g5 Ng8 34.Ke3 Kd7 35.Nc3 Ne7 36.Nd1 Nc8
37.Nf2 Na7 38.Nd1 Nc8 39.Nc3 Na7 40.Na2 Nc8 41.b4 axb4 42.Nxb4 Bb7 43.Kd2 Na7
44.Kc3 Nc8 45.Kb3 Na7 46.Ka3 Nc8 47.Nb5 Bc6 48.Nd4 Bb7 49.Kb2 Na7 50.Kc2 Nc8  1/2-1/2

[Event "Young Masters"]
[Site "Groningen NED"]
[Date "1999.12.27"]
[Round "8"]
[White "Horvath,Ad"]
[Black "Mastrovasilis,D"]
[Result "1-0"]
[WhiteElo "2412"]
[BlackElo "2384"]

1.e4 c5 2.Nf3 e6 3.d4 cxd4 4.Nxd4 Nc6 5.Nc3 Qc7 6.Be2 a6 7.O-O b5 8.Nxc6 dxc6
9.a4 Bb7 10.axb5 cxb5 11.Nxb5 axb5 12.Bxb5+ Ke7 13.Rxa8 Bxa8 14.Qd3 Qd6 15.Qc3 f6
16.Qa5 Bc6 17.Qa7+ Bd7 18.Bf4 e5 19.Be3 Ke8 20.Bc5  1-0

[Event "Open"]
[Site "Groningen NED"]
[Date "1999.12.28"]
[Round "9"]
[White "Van der Weide,K"]
[Black "Nenashev,A"]
[Result "1/2-1/2"]
[WhiteElo "2434"]
[BlackElo "2584"]

1.e4 c5 2.Nf3 e6 3.d4 cxd4 4.Nxd4 Nc6 5.Nc3 d6 6.g4 d5 7.Bb5 Ne7 8.exd5 exd5
9.Qe2 Bd7 10.Be3 a6 11.Bxc6 bxc6 12.O-O-O Nc8 13.Nf5 Bxf5 14.gxf5 Be7 15.Rhg1 Nd6
16.Rxg7 Nxf5 17.Rg4 Qd6 18.h3  1/2-1/2

[Event "It"]
[Site "Pamplona ESP"]
[Date "1999.12.28"]
[Round "2"]
[White "Short,N"]
[Black "Magem Badals,J"]
[Result "1-0"]
[WhiteElo "2675"]
[BlackElo "2528"]

1.e4 c5 2.Nc3 e6 3.Nf3 Nc6 4.d4 cxd4 5.Nxd4 Qc7 6.Be2 a6 7.O-O Nf6 8.Kh1 Nxd4
9.Qxd4 Bc5 10.Qd3 b5 11.f4 Bb7 12.Bf3 h5 13.Bd2 Ng4 14.Qe2 g6 15.Rac1 Rc8
16.a3 f5 17.h3 Kf7 18.Rcd1 Qb6 19.Be1 Rc7 20.exf5 gxf5 21.Bxb7 Qxb7 22.Rf3 Nf6
23.Bh4 Ne4 24.Nxe4 Qxe4 25.Qd2 Rhc8 26.Re1 Qc6 27.Rg3 Qd6 28.Rd3 Qc6 29.Qe2 Rh8
30.Qe5 Rg8 31.Qf6+ Ke8 32.Bg5  1-0

[Event "Young Masters"]
[Site "Groningen NED"]
[Date "1999.12.29"]
[Round "10"]
[White "Werle,J"]
[Black "Mastrovasilis,D"]
[Result "1-0"]
[WhiteElo "2216"]
[BlackElo "2384"]

1.e4 c5 2.Nf3 e6 3.d4 cxd4 4.Nxd4 Nc6 5.Nc3 Qc7 6.f4 a6 7.Nxc6 Qxc6 8.Bd3 b5
9.Qe2 Bb7 10.O-O Nf6 11.a3 h5 12.e5 Ng4 13.Bd2 Be7 14.Kh1 f5 15.exf6 gxf6
16.Bg6+ Kf8 17.Be4 Qc7 18.Bxb7 Qxb7 19.f5 e5 20.Rad1 Rc8 21.Nd5 Bc5 22.Be1 Rc6
23.Bh4 Rd6 24.Nc3 Rxd1 25.Rxd1 Ne3 26.Rd3 Rg8 27.Bg3 h4 28.Rxe3 Bxe3 29.Qxe3 hxg3
30.Qh6+ Kf7 31.Qh5+ Ke7 32.Qh7+ Kf8 33.Qh6+ Rg7 34.Qxf6+ Kg8 35.Qxe5 gxh2
36.Nd5 d6 37.Qe8+ Kh7 38.Nf6+ Kh6 39.Qh5+  1-0

[Event "Weihnachtsopen"]
[Site "Zurich SUI"]
[Date "1999.12.29"]
[Round "6"]
[White "Wildi,M"]
[Black "Wyss,T"]
[Result "0-1"]
[WhiteElo "2304"]
[BlackElo "2193"]

1.e4 c5 2.Nf3 e6 3.d4 cxd4 4.Nxd4 Nc6 5.Nc3 Qc7 6.Be3 a6 7.Bd3 Nf6 8.O-O h5
9.h3 Bd6 10.Nxc6 bxc6 11.f4 e5 12.f5 Qa5 13.Qe1 Bc5 14.Nd5 Bxe3+ 15.Nxe3 Qxe1
16.Rfxe1 d6 17.Nc4 Ke7 18.Rad1 a5 19.a4 Rd8 20.Bf1 g6 21.fxg6 fxg6 22.Bd3 Be6
23.Nd2 Rab8 24.b3 g5 25.Bc4 Bc8 26.Re3 g4 27.h4 Bd7 28.g3 Be8 29.Rf1 Bg6
30.Bd3 Nd7 31.Rfe1 Nc5 32.Bf1 Re8 33.Bg2 Bf7 34.Rc3 Rb4 35.Bf1 Rd4 36.Nb1 Rxe4
37.Rxe4 Nxe4 38.Rxc6 Bd5 39.Ra6 Nxg3 40.Bb5 Ra8 41.Rb6 Nf5 42.c4 Bf3 43.Nc3 Nxh4
44.c5 Nf5 45.c6 h4 46.Be2 Bxe2 47.Nd5+ Ke6 48.Nc7+ Kf6 49.Nxa8 g3 50.Rb8 h3
51.Rh8 h2+ 52.Kg2 e4 53.Rf8+ Ke5 54.Rxf5+ Kxf5 55.c7 Kf4  0-1

[Event "Ambassador Open"]
[Site "Bern SUI"]
[Date "1999.12.30"]
[Round "7"]
[White "Berzinsh,R"]
[Black "Kaenel,H"]
[Result "1/2-1/2"]
[WhiteElo "2446"]
[BlackElo "2408"]

1.e4 c5 2.Nf3 e6 3.d4 cxd4 4.Nxd4 Nc6 5.Nc3 Qc7 6.Be3 a6 7.Bd3 Nf6 8.O-O Ne5
9.h3 Bc5 10.Qe2 d6 11.f4 Ned7 12.Nb3 Bxe3+ 13.Qxe3 O-O 14.Rae1 Rb8 15.e5 Ne8
16.Ne4 dxe5 17.Ng5 e4 18.Nxe4 Ndf6 19.Qc5 Nxe4 20.Bxe4 Qxc5+ 21.Nxc5 b6 22.Nd3 Bb7
23.Ne5 Nf6 24.Bxb7 Rxb7 25.Rd1 g6 26.c4 Rc8 27.Rf3 b5 28.b3 bxc4 29.Nxc4 Rb5
30.Rd6 Ra8 31.Rfd3 Nd5 32.Rd4 a5 33.Rd7 a4 34.Nd6 axb3 35.axb3 Rxb3 36.Nxf7 Rab8
37.Ng5 R8b4 38.Rxb4 Rxb4 39.g3 Rb1+ 40.Kf2  1/2-1/2

[Event "Ambassador Open"]
[Site "Bern SUI"]
[Date "1999.12.30"]
[Round "7"]
[White "Herbrechtsmeier,C"]
[Black "Kellenberger,S"]
[Result "1-0"]
[WhiteElo "2297"]
[BlackElo "2180"]

1.e4 c5 2.Nf3 e6 3.d4 cxd4 4.Nxd4 Nc6 5.Nc3 Qc7 6.g3 a6 7.Bg2 Nf6 8.O-O Be7
9.Re1 d6 10.Nxc6 bxc6 11.e5 dxe5 12.Rxe5 Qxe5 13.Bxc6+ Bd7 14.Bxa8 O-O 15.Bf3 Rc8
16.Bf4 Qf5 17.Qd3 Qh3 18.Qf1 Qf5 19.Bb7 Rc5 20.Qd3 Qh3 21.Bg2 Qg4 22.Bd6 Bxd6
23.Qxd6 Qf5 24.h3 h5 25.Re1 Ra5 26.Qb6 g5 27.Ne4 Nxe4 28.Bxe4 Qb5 29.Qxb5 Bxb5
30.a3 f5 31.Bb7 Kf7 32.Re5 Kf6 33.Rc5 Ra4 34.Bc6 Rc4 35.Rxc4 Bxc4 36.h4 Be2
37.hxg5+ Kxg5 38.b4 e5 39.a4 Kf6 40.a5 Ke6 41.f4 Kd6 42.Bb7 Kc7 43.Bd5 Kd6
44.Bf7 exf4 45.gxf4 Kc6 46.Kf2 Bd1 47.c4 h4 48.Be6 Bg4 49.Bc8 h3 50.Kg3 Be2
51.Bxa6  1-0

[Event "III Open"]
[Site "Cali COL"]
[Date "1999.12.30"]
[Round "8"]
[White "Salazar,Ja"]
[Black "Diaz Cordoba,F"]
[Result "1/2-1/2"]
[WhiteElo "2225"]
[BlackElo "2225"]

1.e4 c5 2.Nf3 e6 3.d4 cxd4 4.Nxd4 Nc6 5.Nc3 Qc7 6.Be2 a6 7.O-O Nf6 8.Nb3 b5
9.f4 d6 10.Bf3 Bb7 11.Be3 Be7 12.Qe1 O-O 13.Qf2 Rac8 14.a3 b4 15.axb4 Nxb4
16.Nd4 Rfe8 17.Ra4 d5 18.e5 Ne4 19.Bxe4 dxe4 20.f5 Qxe5 21.fxe6 f6 22.Nf5 Qxe6
23.Qg3 g6 24.Bd4 Nxc2 25.Nxe7+ Qxe7 26.Bxf6 Qc5+ 27.Kh1 Ne3 28.Re1 Nf5 29.Qg5 Qf2
30.Raa1 e3 31.Re2 Kf7 32.Rxf2 exf2 33.Qd2 Kxf6 34.Qxf2 Kg7 35.Re1 h5 36.Kg1 h4
37.Kf1 Rf8 38.Kg1 Rce8 39.Rxe8 Rxe8 40.Qc5 Re6 41.g4 hxg3 42.hxg3 Kf6 43.g4 Ne7
44.Kf2 g5 45.Qa7 Bc8 46.Qa8 Kg6 47.Nd5 Nxd5 48.Qxd5 Rf6+ 49.Kg3 Be6 50.Qd3+ Kf7
51.Qxa6 Rf4  1/2-1/2

[Event "Young Masters"]
[Site "Groningen NED"]
[Date "1999.12.30"]
[Round "11"]
[White "Stellwagen,D"]
[Black "Horvath,Ad"]
[Result "0-1"]
[WhiteElo "2254"]
[BlackElo "2412"]

1.e4 c5 2.Nf3 Nc6 3.d4 cxd4 4.Nxd4 e6 5.Nc3 Qc7 6.g3 a6 7.Bg2 Nf6 8.O-O Bc5
9.Bf4 e5 10.Nb3 exf4 11.Nxc5 fxg3 12.hxg3 d6 13.Nd3 O-O 14.Nd5 Nxd5 15.exd5 Ne7
16.Rc1 Bf5 17.Nf4 Ng6 18.Nxg6 Bxg6 19.Qd4 Rfe8 20.c4 Qc5 21.Qxc5 dxc5 22.b4 cxb4
23.c5 Kf8 24.Rfd1 Be4 25.f3 Bf5 26.Rd4 a5 27.f4 Re3 28.d6 Rb8 29.d7 Rd8 30.Bxb7 Rxd7
31.Rxd7 Bxd7 32.c6 Bg4 33.Rc5 a4 34.c7 Rxg3+ 35.Kf2 Rc3 36.c8=Q+ Bxc8 37.Rxc8+ Rxc8
38.Bxc8 a3 39.Bf5 b3 40.Bb1 b2  0-1

[Event "It IM"]
[Site "Lohmar GER"]
[Date "1999.12.31"]
[Round "6"]
[White "Dgebuadze,A"]
[Black "Roese,O"]
[Result "1-0"]
[WhiteElo "2510"]
[BlackElo "2320"]

1.e4 c5 2.Nf3 e6 3.d4 cxd4 4.Nxd4 Nc6 5.Nc3 a6 6.g3 Nge7 7.Nb3 d6 8.Bg2 Bd7
9.O-O Nc8 10.a4 Be7 11.Ne2 Bf6 12.c4 O-O 13.c5 Qc7 14.Nf4 Rd8 15.Be3 Bxb2
16.Rb1 Ba3 17.Nh5 e5 18.Bh6 gxh6 19.Qd2 Be8 20.Qxh6  1-0

[Event "AUT-chT 9899"]
[Site "AUT"]
[Date "1999.??.??"]
[Round "?"]
[White "Polzin, Rainer"]
[Black "Schmittdiel, Eckhard"]
[Result "1-0"]
[WhiteElo "2440"]
[BlackElo "2460"]

1.e4 c5 2.Nc3 e6 3.Nf3 Nc6 4.d4 cxd4 5.Nxd4 Nf6 6.Ndb5 d6 7.Bf4 e5 8.Bg5 a6
9.Na3 b5 10.Bxf6 gxf6 11.Nd5 Bg7 12.c3 Ne7 13.Nxe7 Qxe7 14.Nc2 f5 15.exf5 d5
16.Qxd5 Bb7 17.Qd1 Rd8 18.Qg4 Bh6 19.Ne3 Bxe3 20.fxe3 Qc5 21.Kf2 Kf8 22.Rd1 Rxd1
23.Qxd1 Rg8 24.Qd8+ Kg7 25.Qg5+ Kf8 26.Qd8+ Kg7 27.Qg5+ Kf8 28.Qh6+ Ke8 29.Rg1 Qd5
30.Qxh7 Rg5 31.h4 Rg4 32.Qh5 Qe4 33.Be2 Rxg2+ 34.Rxg2 Qxg2+ 35.Ke1 Qh1+ 36.Kd2 Qd5+
37.Ke1 Qe4 38.Qg4 Qxe3 39.Qg8+ Ke7 40.Qg5+ Qxg5 41.hxg5 f6 42.g6 Be4 43.Bg4 Kf8
44.Kd2 Bb1 45.a4 bxa4 46.c4 a5 47.c5 Ke7 48.Kc3 Be4 49.Kc4 Bc6 50.Be2 Kf8
51.Kd3 a3 52.bxa3 Bd5 53.Ke3 Ke7 54.Bf3 Ba2 55.Be4 Bc4 56.Kd2 Ba2 57.Kc3  1-0

[Event "AUT-chT2O 9899"]
[Site "AUT"]
[Date "1999.??.??"]
[Round "8"]
[White "Milanollo, Mario"]
[Black "Rumpl, Erwin"]
[Result "1-0"]
[WhiteElo "2105"]
[BlackElo "2210"]

1.e4 c5 2.Nf3 Nc6 3.d4 cxd4 4.Nxd4 e6 5.Nc3 a6 6.Be2 Nge7 7.O-O Nxd4 8.Qxd4 Nc6
9.Qa4 Rb8 10.Bf4 b5 11.Nxb5 axb5 12.Bxb5 Rxb5 13.Qxb5 Qa5 14.a4 Be7 15.Rfd1 Ba6
16.Qxa5 Nxa5 17.Bd6 Nb7 18.Bxe7 Kxe7 19.b4 Bc4 20.f3 d5 21.Kf2 Rb8 22.Rd2 Nd8
23.c3 Nc6 24.Ke3 Ra8 25.g4 Kd6 26.h4 Bb3 27.Ra3 Bc4 28.f4 Na7 29.Ra1 Nb5
30.exd5 exd5 31.a5 Nxc3 32.Rc1 Re8+ 33.Kf3 Be2+ 34.Kf2 Ne4+ 35.Kxe2 Nxd2+
36.Kxd2 Re4 37.a6 Rxb4 38.Ra1 Rb8 39.Kd3 Kc5 40.Ra3 Ra8 41.h5 Kb6 42.Kd4 Ka7
43.Re3 Rf8 44.Re7+ Kxa6 45.Kxd5 h6 46.Kd6 g6 47.Ke5 Kb6 48.Kf6 gxh5 49.gxh5 Kc6
50.Kg7 Ra8 51.Kxf7 Ra4 52.f5 Kd6 53.Re6+ Kd5 54.Re2  1-0

[Event "Bad Woerishofen op"]
[Site "Bad Woerishofen"]
[Date "1999.??.??"]
[Round "2"]
[White "Senner, Peter"]
[Black "Epishin, Vladimir"]
[Result "0-1"]
[WhiteElo "2195"]
[BlackElo "2578"]

1.e4 c5 2.Nf3 e6 3.d4 cxd4 4.Nxd4 Nc6 5.Nc3 Qc7 6.Be3 a6 7.Be2 Nf6 8.f4 Bb4
9.Qd3 e5 10.Nf5 O-O 11.O-O d6 12.Nxg7 Bxc3 13.Qxc3 Nxe4 14.Qc4 d5 15.Qxd5 Nf6
16.Qc5 b6 17.Qa3 Kxg7 18.fxe5 Ng8 19.Rf3 Be6 20.Bf4 Nd4 21.Rg3+ Kh8 22.Bd3 Rad8
23.Bxh7 Ne2+ 24.Kh1 Nxf4 25.Qe3 Ng6 26.Bxg6 fxg6 27.Rxg6 Qf7 28.Rxg8+ Kxg8  0-1